1820 1287 1495 1239 1616 1688 1077 1090 1722 1025 1550 1756 1296 1739 1346 1927 1398 1026 1491 1147 1501 1593 1848 1101 1870 1847 1268 1807 1711 1665 1578 1223 1806 1869 1516 1403 1852 1595 1681 1267 1823 1972 1717 1655 1322 1485 1911 1876 1959 1012 1761 1490 1413 1310 1781 1645 1692 1695 1394 1836 1669 1616 1028 1295 1236 1460 1725 1609 1035 1231 1496 1420 1492 1595 1464 1602 1750 1712 1710 1765 1316 1943 1176 1178 1470 1028 1285 1152 1564 1664 1177 1160 1484 1707 1881 1139 1697 1236 1634 BCNSPRNW ULIB Ver.6.0+V

เปลี่ยนเป็นภาษาไทย

Change to English
 แสดงรายละเอียดบรรณานุกรม
  กลับหน้าหลัก

Brief Record : Get Marc (ISO 2709) : E-mail record : QR code < ปิดหน้าต่าง
LEADER : 00000nam 2200000uu 4500
001    13399113913
003     ULIB
008    120112s2549||||th 000 0 tha d
050  4 ^aQH581.2^bซ534 ล.2 2549
245 00 ^aเซลล์ชีววิทยาทางการแพทย์ 2:กลไกการทำงานของเซลล์และเนื้อเยื่อ /^cบรรณาธิการ, สิทธิศักดิ์หรรษาเวก, ชัยวัฒน์ สว่างคง
260    ^aกรุงเทพฯ :^bภาควิชาชีวเคมี คณะแพทยศาสตร์จุฬาลงกรณ์มหาวิทยาลัย,^c2549
300    ^a2 เล่ม :^bภาพประกอบ ;^c29 ซม.
650  7 ^aชีววิทยา
650  7 ^aเซลล์
650  7 ^aชีวโมเลกุล
700 0  ^aสิทธิศักดิ์ หรรษาเวก,^eบรรณาธิการ
700 0  ^aชัยวัฒน์ สว่างคง,^eบรรณาธิการ
710 2  ^aจุฬาลงกรณ์มหาวิทยาลัย. ^bคณะแพทยศาสตร์. ^bภาควิชาชีวเคมี
945    ^p0^l0^i18638
945    ^p0^l0^i18639
945    ^p0^l0^i18640
945    ^p0^l0^i18641
945    ^p0^l0^i18642
995    ^a กัณชพร
999    ^aใช้งานได้ทุกระบบ
รายการนี้ยังไม่มีแท็ก
คุณยังไม่ได้ล็อกอิน คุณสามารถมีกิจกรรมร่วมกับเว็บไซต์ได้ แต่ต้องล็อกอินก่อน ::
  ล็อกอิน

รายการสื่อสารสนเทศ

ลำดับที่ ประเภท เลขเรียก/บาร์โค้ด สถานที่ สถานะ
- ไม่พบข้อมูล -

รายการใกล้เคียง
    หัวเรื่อง [ชีววิทยา]
    หัวเรื่อง [เซลล์]
    หัวเรื่อง [ชีวโมเลกุล]

BibComment


ยังไม่เคยถูกคอมเมนท์

คอมเมนท์ทรัพยากรรายการนี้
  คอมเมนท์: เซลล์ชีววิทยาทาง..


 Copyright 2026. Bcnsprnw @Library